Statistics for U.S. Cities with the Most Filipinos

Click here to take the quiz!

General Stats

  • This quiz has been taken 186 times
  • The average score is 8 of 10

Answer Stats

PopulationMetro Area% Correct
506,000Los Angeles
97%
236,000New York
97%
310,000San Francisco
90%
115,000Seattle
80%
145,000Chicago
78%
201,000San Diego
77%
147,000Las Vegas
72%
214,000Honolulu
71%
109,000San Jose
71%
136,000Riverside-San Bernardino
36%

Score Distribution

Percentile by Number Answered

Percent of People with Each Score

Your Score History

You have not taken this quiz